ნორმალური ფორმატი
MARC ფორმატი
ჩანაწერი Personal Name
ჩანაწერთა რაოდენობა, რომელიც გამოყენებულია: 1
001 - CONTROL NUMBER
- control field: 23745
003 - CONTROL NUMBER IDENTIFIER
- control field: GE_BSU
005 - DATE AND TIME OF LATEST TRANSACTION
- control field: 20241119143302.0
008 - FIXED-LENGTH DATA ELEMENTS
- fixed length control field: 241119|| aca||aabn | a|a d
040 ## - CATALOGING SOURCE
- Original cataloging agency: GE_BSU
- Transcribing agency: GE_BSU
100 ## - HEADING--PERSONAL NAME
- Personal name: გზირიშვილი, ეთერ
- Relator term: გარეკანის დიზაინერი
670 ## - SOURCE DATA FOUND
- Source citation: Work cat.: (GE_BSU)47813: წმინდა ანდრია-კრიტელი მთავარეპისკოპოსი ; წმინდა ღირსმოწამე ანდრია კრიტელი ; სხვადასხვა დროის წმინდა მამანი და დედანი /
